000 00909nam a2200229Ia 4500
001 4953
003 GE_BSU
008 181216s||||||||xx |||||||||||||| ||und||
040 _cGE_BSU
080 _a621.753.1(076)
100 _aЗябрева,Н.Н. Шегал,М.Я.
245 _aЛабораторные занятия по курсу "Основы взаимозаменяемости и технические измерения".
245 _bУчеб. пособ.
245 _cРед.А.И. Иванов.
250 _aИзд. второе, перераб. и дополн.
260 _aМ.
260 _bМашгиз.
260 _c1956.
300 _a336стр.илл.22см.библиогр.:стр.330.
653 _aЛабораторные занятия по курсу "Основы взаимозаменяемости и технические измерения".
942 _cBK
999 _c38695
_d38695